[Event "Catalunya-chT Gp1"]
[Site "Barcelona"]
[Date "2024.02.03"]
[Round "3.5"]
[White "Ortega Serra, Marc"]
[Black "Boix Moreno, Daniel"]
[Result "1-0"]
[WhiteElo "2265"]
[BlackElo "2253"]
[PlyCount "47"]
[EventDate "2024.01.20"]
[EventType "team-tourn"]
[EventRounds "7"]
[EventCountry "ESP"]
[SourceTitle "CB11_2024"]
[SourceDate "2024.03.13"]
[SourceVersion "1"]
[SourceVersionDate "2024.03.13"]
[SourceQuality "1"]
[WhiteTeam "Cerdanyola Valles"]
[BlackTeam "Tres Peons"]
[WhiteTeamCountry "ESP"]
[BlackTeamCountry "ESP"]

1. e4 c5 2. Nf3 e6 3. d4 cxd4 4. Nxd4 Nf6 5. Nc3 Nc6 6. Nxc6 bxc6 7. e5 Nd5 8. Ne4 Qc7 9. f4 Qb6 10. c4 Bb4+ 11. Ke2 f5 12. Ng5 h6 13. Nh3 Nc7 14. a3 Be7 15. Qc2 Rb8 16. Nf2 Ba6 17. Ke1 g5 18. b4 Qd4 19. Qb2 Qxb2 20. Bxb2 gxf4 21. Nh3 Bh4+ 22. Kd1 c5 23. Nxf4 Bb7 24. Ng6 1-0

[Event "Catalunya-chT Gp2"]
[Site "Barcelona"]
[Date "2023.02.18"]
[Round "5.4"]
[White "Ortega Serra, Marc"]
[Black "Colon Garcia, Enrique"]
[Result "1/2-1/2"]
[WhiteElo "2313"]
[BlackElo "2269"]
[PlyCount "112"]
[EventDate "2023.01.21"]
[EventType "team-tourn"]
[EventRounds "7"]
[EventCountry "ESP"]
[SourceTitle "CBM 213 Extra"]
[Source "ChessBase"]
[SourceDate "2023.05.31"]
[SourceVersion "1"]
[SourceVersionDate "2023.05.31"]
[SourceQuality "1"]
[WhiteTeam "Cerdanyola Valles"]
[BlackTeam "Sant Andreu"]
[WhiteTeamCountry "ESP"]
[BlackTeamCountry "ESP"]

1. d4 Nf6 2. c4 e6 3. Nc3 Bb4 4. e3 0-0 5. a3 Bxc3+ 6. bxc3 b6 7. Bd3 Ba6 8. e4 Ne8 9. f4 f5 10. Ne2 Nc6 11. exf5 exf5 12. 0-0 Na5 13. c5 Bxd3 14. Qxd3 d5 15. Be3 Qd7 16. Kh1 Qc6 17. Ng1 Nc4 18. Nf3 Nf6 19. Ne5 Qe6 20. Bg1 Ne4 21. Nxc4 dxc4 22. Qe3 bxc5 23. dxc5 Rab8 24. Rfe1 Qh6 25. Qf3 Rb2 26. Rad1 Rc2 27. Bd4 Rb8 28. Rxe4 fxe4 29. Qxe4 Rcb2 30. f5 Qh5 31. Re1 Rf8 32. Qe6+ Qf7 33. Qe5 Rbb8 34. Qg3 Rfe8 35. Rf1 Rb3 36. a4 Ra3 37. h3 Rxa4 38. Rb1 h6 39. Rb7 Ra1+ 40. Kh2 Rc8 41. Qg4 h5 42. Qg5 a5 43. c6 a4 44. Ra7 a3 45. f6 g6 46. Qh6 a2 47. Qd2 Rf1 48. Rxa2 Rxf6 49. Bxf6 Qxf6 50. Qd5+ Qf7 51. Rd2 Re8 52. Qxf7+ Kxf7 53. Rd4 Re3 54. Rxc4 Ke6 55. Rc5 Kf6 56. Kg1 Re2 1/2-1/2

[Event "Sitges Sunway op 9th"]
[Site "Sitges"]
[Date "2022.12.20"]
[Round "8"]
[White "Ortega Serra, Marc"]
[Black "Erdogmus, Yagiz Kaan"]
[Result "0-1"]
[WhiteElo "2291"]
[BlackElo "2453"]
[PlyCount "66"]
[EventDate "2022.12.12"]
[EventType "swiss"]
[EventRounds "10"]
[EventCountry "ESP"]
[SourceTitle "CBM 211 Extra"]
[Source "ChessBase"]
[SourceDate "2023.01.31"]
[SourceVersion "1"]
[SourceVersionDate "2023.01.31"]
[SourceQuality "1"]

1. d4 Nf6 2. c4 e6 3. Nf3 b6 4. g3 Ba6 5. Qc2 Bb7 6. Bg2 c5 7. 0-0 cxd4 8. Nxd4 Bxg2 9. Kxg2 Qc8 10. e4 Nc6 11. Nb5 a6 12. N5c3 Qb7 13. Re1 Bc5 14. f3 0-0 15. Bg5 Bd4 16. Nd2 Rac8 17. Ne2 h6 18. Nxd4 Nxd4 19. Qc3 Nb5 20. Qe3 hxg5 21. cxb5 g4 22. e5 Nd5 23. Qe4 axb5 24. Kg1 gxf3 25. Qxf3 f5 26. Rad1 Rc2 27. Rf1 Rxb2 28. Ne4 Qc8 29. a3 Rc2 30. Nd6 Qc6 31. Rde1 Qc5+ 32. Rf2 Rxf2 33. Qxf2 Nc3 0-1

[Event "Sitges Sunway op 9th"]
[Site "Sitges"]
[Date "2022.12.16"]
[Round "5"]
[White "Sochacki, Christophe"]
[Black "Ortega Serra, Marc"]
[Result "1/2-1/2"]
[WhiteElo "2463"]
[BlackElo "2291"]
[PlyCount "60"]
[EventDate "2022.12.12"]
[EventType "swiss"]
[EventRounds "10"]
[EventCountry "ESP"]
[SourceTitle "CBM 211 Extra"]
[Source "ChessBase"]
[SourceDate "2023.01.31"]
[SourceVersion "1"]
[SourceVersionDate "2023.01.31"]
[SourceQuality "1"]

1. e4 e6 2. d4 d5 3. e5 c5 4. c3 Nc6 5. Nf3 Qb6 6. Bd3 cxd4 7. 0-0 Bd7 8. Re1 Nge7 9. h4 h6 10. a3 Rc8 11. b4 a6 12. Bb2 Na5 13. Nxd4 Nc4 14. Bc1 Qc7 15. f4 h5 16. a4 g6 17. Nd2 Nf5 18. Bxc4 Nxd4 19. cxd4 dxc4 20. Ne4 Be7 21. d5 Qb6+ 22. Be3 Qxb4 23. d6 Bxh4 24. Bf2 Bxf2+ 25. Kxf2 Qb6+ 26. Re3 Qc6 27. Qf3 Kf8 28. Qg3 Qb6 29. Rae1 Bc6 30. Nf6 Qd4 1/2-1/2

[Event "Catalunya-chT Gp2"]
[Site "Barcelona"]
[Date "2022.02.19"]
[Round "5.4"]
[White "Lorenzo de la Riva, Lazaro"]
[Black "Ortega Serra, Marc"]
[Result "1-0"]
[WhiteElo "2429"]
[BlackElo "2294"]
[PlyCount "78"]
[EventDate "2022.01.22"]
[EventType "team-tourn"]
[EventRounds "9"]
[EventCountry "ESP"]
[SourceTitle "CBM 208 Extra"]
[Source "ChessBase"]
[SourceDate "2022.07.31"]
[SourceVersion "1"]
[SourceVersionDate "2022.07.31"]
[SourceQuality "1"]
[WhiteTeam "Barbera"]
[BlackTeam "Cerdanyola Valles"]
[WhiteTeamCountry "ESP"]
[BlackTeamCountry "ESP"]

1. d4 Nf6 2. c4 a6 3. a3 e6 4. Nf3 d5 5. e3 dxc4 6. Bxc4 b5 7. Ba2 c5 8. 0-0 cxd4 9. exd4 Be7 10. Nc3 Bb7 11. Qd3 0-0 12. Bg5 Nbd7 13. Rad1 Nb6 14. Bb1 g6 15. Bh6 Re8 16. Ne5 Nbd5 17. Ne2 Bf8 18. Bg5 Qd6 19. Qh3 Bg7 20. Ng3 Rac8 21. Qh4 b4 22. Rd3 Nd7 23. Ne4 Qc7 24. Nxd7 Qxd7 25. Rh3 h5 26. Nc5 Rxc5 27. dxc5 bxa3 28. bxa3 Nc3 29. Bd3 e5 30. Rg3 e4 31. Bc4 Qd4 32. Bb3 Ne2+ 33. Kh1 Nxg3+ 34. Qxg3 Qd3 35. Rd1 Qxg3 36. hxg3 Bc6 37. Rd6 Bb5 38. Rxg6 Kf8 39. Rb6 Re5 1-0

[Event "Catalunya-chT Gp1"]
[Site "Barcelona"]
[Date "2020.01.25"]
[Round "2.4"]
[White "Ortega Serra, Marc"]
[Black "Matnadze, Ana"]
[Result "1/2-1/2"]
[WhiteElo "2295"]
[BlackElo "2412"]
[PlyCount "69"]
[EventDate "2020.01.18"]
[EventType "team-tourn"]
[EventRounds "7"]
[EventCountry "ESP"]
[SourceTitle "CBM 194 Extra"]
[Source "ChessBase"]
[SourceDate "2020.03.31"]
[SourceVersion "1"]
[SourceVersionDate "2020.03.31"]
[SourceQuality "1"]
[WhiteTeam "Cerdanyola Valles"]
[BlackTeam "Mollet"]
[WhiteTeamCountry "ESP"]
[BlackTeamCountry "ESP"]

1. d4 Nf6 2. c4 e6 3. Nc3 d5 4. cxd5 exd5 5. Bg5 c6 6. e3 Nbd7 7. Bd3 Be7 8. Qc2 Nf8 9. Nf3 Ne6 10. Bh4 g6 11. h3 Ng7 12. g4 Be6 13. 0-0-0 a5 14. Kb1 Ne4 15. Bxe7 Nxc3+ 16. Qxc3 Qxe7 17. Rdg1 0-0 18. h4 f5 19. g5 f4 20. Ne5 fxe3 21. fxe3 Nh5 22. Be2 Rf2 23. Qe1 Raf8 24. Bxh5 gxh5 25. Qxa5 Bf5+ 26. Ka1 Be4 27. a3 Bxh1 28. Rxh1 Rg2 29. Qa7 Rff2 30. Rb1 Qd6 31. Nd3 Rf7 32. Ne5 Rff2 33. Nd3 Rf7 34. Ne5 Rff2 35. Nd3 1/2-1/2

[Event "Barcelona Sant Andreu IM"]
[Site "Barcelona"]
[Date "2019.11.09"]
[Round "7"]
[White "Ortega Serra, Marc"]
[Black "Barbero Sendic, Alejandro"]
[Result "1/2-1/2"]
[WhiteElo "2297"]
[BlackElo "2346"]
[PlyCount "120"]
[EventDate "2019.09.14"]
[EventType "tourn"]
[EventRounds "9"]
[EventCountry "ESP"]
[EventCategory "4"]
[SourceTitle "CBM 195 Extra"]
[Source "ChessBase"]
[SourceDate "2020.05.31"]
[SourceVersion "1"]
[SourceVersionDate "2020.05.31"]
[SourceQuality "1"]

1. d4 Nf6 2. c4 e6 3. Nc3 Bb4 4. a3 Bxc3+ 5. bxc3 d5 6. cxd5 exd5 7. e3 Bf5 8. Ne2 0-0 9. Ng3 Bg6 10. f3 Nc6 11. Bd3 Na5 12. Rb1 Qe8 13. 0-0 Qc6 14. Re1 a6 15. Nf5 Rfe8 16. Qc2 Ne4 17. Nh4 Qxc3 18. Re2 Qxc2 19. Rxc2 Nd6 20. Nxg6 hxg6 21. Rxc7 Rec8 22. Rxc8+ Rxc8 23. Bd2 Nac4 24. Bb4 Nf5 25. Bxc4 Rxc4 26. Rb3 Rc1+ 27. Kf2 Rc2+ 28. Kf1 Rc4 29. Ke2 Rc2+ 30. Kd3 Rxg2 31. e4 dxe4+ 32. fxe4 Nh4 33. d5 Nf3 34. Bc3 b5 35. a4 bxa4 36. Rb8+ Kh7 37. d6 Ng5 38. d7 Ne6 39. d8Q Nxd8 40. Rxd8 a3 41. Ra8 Rxh2 42. Rxa6 a2 43. Bd2 Rh3+ 44. Kd4 Rh4 45. Ke3 Rh3+ 46. Kf4 Rh4+ 47. Kf3 f5 48. e5 Re4 49. Bc3 g5 50. Rxa2 g4+ 51. Kf2 f4 52. Re2 g3+ 53. Kf3 g2 54. Rxg2 Re3+ 55. Kxf4 Rxc3 56. e6 Kg8 57. Ke5 Kf8 58. Rf2+ Ke7 59. Rf7+ Ke8 60. Rxg7 Rc1 1/2-1/2

[Event "Barcelona Sant Andreu IM"]
[Site "Barcelona"]
[Date "2019.10.05"]
[Round "3"]
[White "Ortega Serra, Marc"]
[Black "Fernandez Diaz, Cristian"]
[Result "1-0"]
[WhiteElo "2297"]
[BlackElo "2376"]
[PlyCount "129"]
[EventDate "2019.09.14"]
[EventType "tourn"]
[EventRounds "9"]
[EventCountry "ESP"]
[EventCategory "4"]
[SourceTitle "CBM 195 Extra"]
[Source "ChessBase"]
[SourceDate "2020.05.31"]
[SourceVersion "1"]
[SourceVersionDate "2020.05.31"]
[SourceQuality "1"]

1. d4 Nf6 2. c4 e6 3. Nc3 Bb4 4. f3 c5 5. a3 Ba5 6. e4 0-0 7. dxc5 Bxc3+ 8. bxc3 Qa5 9. Be3 Qxc3+ 10. Kf2 Na6 11. Ne2 Qa5 12. Qd4 e5 13. Qxe5 d6 14. Qc3 Qxc3 15. Nxc3 dxc5 16. Be2 Be6 17. Nd5 Nd7 18. f4 Rae8 19. Bf3 f5 20. e5 Ndb8 21. Rhb1 Rf7 22. Bh5 g6 23. Bf3 Kg7 24. Rd1 Rc8 25. Bd2 Nc6 26. Bc3 Nab8 27. Rd2 Nd4 28. Bxd4 cxd4 29. Rxd4 Nc6 30. Rd3 Na5 31. Rc3 Rxc4 32. Rxc4 Nxc4 33. Rc1 b5 34. a4 Nb2 35. Rb1 Nxa4 36. Rxb5 Bxd5 37. Rxd5 Nb6 38. Rd8 Rd7 39. Rb8 Kf7 40. h3 h5 41. g4 hxg4 42. hxg4 fxg4 43. e6+ Kxe6 44. Bxg4+ Kf6 45. Bxd7 Nxd7 46. Rb7 Nf8 47. Rxa7 Ne6 48. Ra6 Kf5 49. Kg3 Ng7 50. Ra5+ Kf6 51. Kf3 Nh5 52. Ra8 Ng7 53. Ke4 Nh5 54. Ra6+ Kg7 55. Ke5 Kh7 56. Rb6 Kg7 57. Rb7+ Kh6 58. Rb3 Ng7 59. Rh3+ Nh5 60. Rh2 Kg7 61. f5 Nf6 62. Rg2 Nd7+ 63. Ke6 Nf8+ 64. Ke7 Kg8 65. f6 1-0

[Event "Barbera del Valles op 42nd"]
[Site "Barbera del Valles"]
[Date "2019.07.11"]
[Round "8"]
[White "Ortega Serra, Marc"]
[Black "Snehal, Bohosale"]
[Result "0-1"]
[WhiteElo "2329"]
[BlackElo "2080"]
[PlyCount "72"]
[EventDate "2019.07.04"]
[EventType "swiss"]
[EventRounds "9"]
[EventCountry "ESP"]
[SourceTitle "CBM 191 Extra"]
[Source "ChessBase"]
[SourceDate "2019.09.30"]
[SourceVersion "1"]
[SourceVersionDate "2019.09.30"]
[SourceQuality "1"]

1. d4 Nf6 2. Nf3 e6 3. e3 d5 4. Bd3 Be7 5. 0-0 b6 6. b3 Bb7 7. Ne5 0-0 8. Nd2 Nbd7 9. Qf3 Bb4 10. Qh3 Bc3 11. Nxd7 Qxd7 12. Rb1 g6 13. Nf3 Ne4 14. Ba3 c5 15. Bxe4 dxe4 16. Ng5 h5 17. dxc5 Rfd8 18. Qh4 Qd5 19. Nh3 Ba6 20. Rfc1 bxc5 21. Nf4 Qf5 22. Qg3 e5 23. Nh3 Bd2 24. Qg5 Bxc1 25. Rxc1 Rd7 26. Qxf5 gxf5 27. f3 Rad8 28. Nf2 exf3 29. gxf3 Be2 30. f4 f6 31. Nd3 e4 32. Ne1 Rg7+ 33. Kh1 Kh7 34. Bxc5 Rdg8 35. h3 Rg3 36. Kh2 Bf1 0-1

[Event "Barbera del Valles op 42nd"]
[Site "Barbera del Valles"]
[Date "2019.07.10"]
[Round "7"]
[White "Kulkarni, Vinayak"]
[Black "Ortega Serra, Marc"]
[Result "1-0"]
[WhiteElo "2143"]
[BlackElo "2329"]
[PlyCount "125"]
[EventDate "2019.07.04"]
[EventType "swiss"]
[EventRounds "9"]
[EventCountry "ESP"]
[SourceTitle "CBM 191 Extra"]
[Source "ChessBase"]
[SourceDate "2019.09.30"]
[SourceVersion "1"]
[SourceVersionDate "2019.09.30"]
[SourceQuality "1"]

1. Nf3 d5 2. g3 Nf6 3. Bg2 e6 4. c4 d4 5. 0-0 c5 6. e3 Nc6 7. exd4 cxd4 8. d3 Be7 9. a3 a5 10. Bg5 0-0 11. Nbd2 Re8 12. Rb1 a4 13. Re1 h6 14. Bxf6 Bxf6 15. c5 Be7 16. Qc2 Ra5 17. Qc4 Rxc5 18. Qxa4 b5 19. Qd1 Bb7 20. Nb3 Rd5 21. Rc1 Qb6 22. Nfd2 Rdd8 23. Ne4 Ne5 24. Nec5 Bxg2 25. Kxg2 Rd5 26. f4 Nc6 27. Nxe6 fxe6 28. Rxe6 Rd6 29. Rxd6 Bxd6 30. Qh5 Kf8 31. Qf5+ Ke7 32. Nc5 Ne5 33. Qe4 Kf8 34. fxe5 Bxc5 35. Qd5 Be7 36. Rf1+ Bf6 37. exf6 gxf6 38. Rf2 Re7 39. Rc2 Kg7 40. Rc8 Qe6 41. Qxe6 Rxe6 42. Rc2 Re3 43. Rd2 Kf7 44. Kf2 h5 45. b3 Kg6 46. a4 bxa4 47. bxa4 Re5 48. Ra2 Ra5 49. Kf3 Kf5 50. h3 Ke5 51. g4 h4 52. Ra1 Kd5 53. Kf4 Kc5 54. Ke4 Kb4 55. Kxd4 Kb3 56. Ke3 Kc2 57. Rf1 Rd5 58. d4 Rd6 59. a5 Re6+ 60. Kf4 Kd3 61. Rd1+ Kc4 62. d5 Rd6 63. a6 1-0